Top 15 der betroffenen Covid-19-Länder - 7. August - Statistiken

Allgemein
  • Dieses Quiz wurde 14 mal gespielt
  • Das Durchschnittsergebnis liegt bei 10 aus 25
Antwortstatistiken
Land % Korrekt
Brasilien
93%
Spanien
93%
Vereinigte Staaten
93%
Indien
79%
Mexiko
79%
Russland
71%
Iran
64%
Peru
50%
Vereinigtes Königreich
50%
Bangladesch
43%
Pakistan
43%
Saudi-Arabien
43%
Südafrika
43%
Chile
29%
Chile
29%
Katar
29%
Kolumbien
29%
Schweden
29%
Bahrain
14%
Israel
14%
Kuwait
14%
Oman
7%
Panama
7%
Armenien
0%
Singapur
0%
Keine übereinstimmenden Quizze gefunden
Verteilung der Resultate
Anzahl Personen mit jedem Resultat
Perzentil nach korrekt beantworteten Fragen
Ihre Resultats-Entwicklung
Sie haben dieses Quiz noch nicht gespielt